OECD factbook 2005 economic, environmental and social statistics

Gespeichert in:
Bibliographische Detailangaben
Format: Buch
Sprache:Englisch
Veröffentlicht: Paris OECD 2005
Schlagworte:
Tags: Tag hinzufügen
Keine Tags, Fügen Sie das erste Tag hinzu!

MARC

LEADER 00000nam$a2200000$$$4500
001 0027325
005 20221129082836.8
020 |a 92-64-01869-7 
041 0 |a eng 
044 |a FR 
245 1 0 |a OECD factbook 2005  |b economic, environmental and social statistics 
264 1 |a Paris  |b OECD  |c 2005 
300 |a 235 s. 
610 2 0 |a štatistika ekonomická 
610 2 0 |a štatistika sociálna 
610 2 0 |a ukazovatele makroekonomické 
610 2 0 |a populácia 
610 2 0 |a migrácia 
610 2 0 |a globalizácia hospodárstva 
610 2 0 |a ceny 
610 2 0 |a trh práce 
610 2 0 |a veda 
610 2 0 |a technológia 
610 2 0 |a prostredie životné 
610 2 0 |a vzdelanie 
610 2 0 |a politika verejná 
610 2 0 |a kvalita života 
610 2 0 |a OECD